000 00663nam a2200205Ia 4500
005 20260601193219.0
008 260601s9999||||xx |||||||||||||| ||und||
020 _a978-981-99-7593-8
_qebk
100 _aBin Xin
245 0 _aAdvanced Computational Intelligence and Intelligent Informatics
250 _a1st ed. 2024
260 _aHeidelberg, Germany
_bSpringer Nature
_c2024
440 _aCommunications in Computer and Information Science
650 _aComputer Science
700 _aFangyan Dong
700 _aKewei Chen
700 _aNaoyuki Kubota
856 _uhttps://link.springer.com/openurl?genre=book&isbn=978-981-99-7593-8
942 _cEB
_2ddc
999 _c55758
_d55758